000 00337pab a2200145 454500
008 180718b1990 xxu||||| |||| 00| 0 eng d
100 _aRandhir Singh
245 _aReservations
_bA different view
260 _c1990
300 _a23-7
362 _a20 Oct.
650 _aBackward Classes - India
773 _aMainstream
909 _a4572
999 _c4572
_d4572